| 000 | 00912naa a22002777a 4500 | ||
|---|---|---|---|
| 001 | BR7503767 | ||
| 003 | BR-BrBNA | ||
| 005 | 20250714141725.0 | ||
| 007 | ta | ||
| 008 | 250630b bl.|||m| |||| 00| 0 por d | ||
| 040 |
_aBR-BrBNA _bpor _cBiblioteca Nacional de Agricultura |
||
| 041 | _a(Pt) | ||
| 072 |
_aF21 _b0336 _b3920 |
||
| 090 | _aF21 BR7503767 | ||
| 100 | 1 | _aSantos, O.S. dos | |
| 245 | 1 | _aInoculacao [rhizobium, soja, Glycine max] | |
| 250 | 1 | _a2. ed. | |
| 500 | _aCultura da soja 2. ed.Santa Maria, RS (Brasil): 1975. p. 47-49 (BR7503767-AMS) | ||
| 773 | 0 |
_tCultura da soja _aCosta, J.A. _w0336 BR0707491 _gPorto Alegre, RS (Brasil), 1996. _q233 p. |
|
| 650 | _aSOJA | ||
| 650 | _aRHIZOBIUM | ||
| 650 | _aINOCULACAO | ||
| 490 |
_aBoletim Tecnico - Universidade Federal de Santa Maria. Depto. de Fitotecnia (Brazil) _vno. 5 |
||
| 942 |
_cAMS _2AGRIS |
||
| 909 |
_a202506 _bLúcia _c55 _dLúcia Elande |
||
| 999 |
_c332917 _d332917 |
||